Times por Escudo - La Liga 24/25 - Statistics

Estatísticas Gerais
  • Esse quiz foi jogado 170 vezes
  • A pontuação média é 15 de 20
Estatísticas das Respostas
Imagem Resposta % Correto
Barcelona
93%
Real Madrid
93%
Real Betis
91%
Atlético de Madrid
90%
Valencia
90%
Sevilla
88%
Real Sociedad
86%
Girona
80%
Villarreal
80%
Celta de Vigo
78%
Rayo Vallecano
75%
Getafe
73%
Espanyol
72%
Osasuna
69%
Athletic Club
67%
Alavés
64%
Real Mallorca
63%
Real Valladolid
63%
Las Palmas
61%
Leganés
52%
Nenhum quiz correspondente encontrado
Distribuição das Pontuações
Porcentagem de Pessoas com Cada Pontuação
Percentil de Números Respondidos
Sua Pontuação Histórica
Você não jogou esse quiz